书目信息 |
| 题名: |
简明美术辞典
|
|
| 作者: | 薛锋 , 王学林 编 | |
| 分册: | ||
| 出版信息: | 哈尔滨 黑龙江人民出版社 1982 |
|
| 页数: | 513页 | |
| 开本: | 21cm | |
| 丛书名: | ||
| 单 册: | ||
| 中图分类: | J-61 | |
| 科图分类: | ||
| 主题词: | 艺术--词典 | |
| 电子资源: | ||
| ISBN: | ||
| 000 | 00650nam0 2200241 45 | |
| 001 | 0182007848 | |
| 005 | 20050105111214.7 | |
| 010 | @b精装@dCNY5.80 | |
| 091 | @a8093.747 | |
| 100 | @a19950703d1982 em y0chiy0121 ea | |
| 101 | 0 | @achi |
| 102 | @aCN@b230000 | |
| 105 | @ay e 000yy | |
| 200 | 10 | @a简明美术辞典@Ajian ming mei shu ci dian@f薛锋, 王学林编@FXue Feng,WangXue Lin Bian |
| 210 | @a哈尔滨@c黑龙江人民出版社@d1982 | |
| 215 | @a513页@d21cm | |
| 606 | @a艺术@x词典 | |
| 690 | @aJ-61@v3 | |
| 701 | 0 | @a薛锋@4编 |
| 701 | 0 | @a王学林@4编 |
| 801 | 0 | @aCN@b上海图书馆@c20050105 |
| 801 | 2 | @aCN@bNLC@c20050105 |
| 905 | @dJ-61@e9@b135983@f1 | |
| 简明美术辞典/薛锋, 王学林编.-哈尔滨:黑龙江人民出版社,1982 |
| 513页;21cm |
| ISBN (精装):CNY5.80 |
| ● |
| 相关链接 |
|
|
|
|
正题名:简明美术辞典
索取号:J-61/9
 
预约/预借
| 序号 | 登录号 | 条形码 | 馆藏地/架位号 | 状态 | 备注 |
| 1 | 0135983 | 001965172 | 第一借阅区/ [索取号:J-61/9] | 在馆 | |
| 2 | 0135984 | 000697348 | 第一样本阅览室/ [索取号:J-61/9] | 在馆 |